000 00429pab a2200157 454500
008 180718b1987 xxu||||| |||| 00| 0 eng d
100 _aChambers, Robert G.
245 _aTax policies and the financially constrained farm household
260 _c1987
300 _a369-77
362 _aMay
650 _aTaxation - U.S.A.
700 _aRamon E. Lopez
773 _aAmerican Journal of Agricultural Economics
909 _a19035
999 _c19035
_d19035